Historia de la fidelísima y vencedora ciudad de Tarazona / (Record n. 3744)
[ formato base ]
| 000 -LEADER | |
|---|---|
| fixed length control field | 00641nam a2200193 i 4500 |
| 003 - CONTROL NUMBER IDENTIFIER | |
| control field | IT-RoINE |
| 005 - DATE AND TIME OF LATEST TRANSACTION | |
| control field | 20140516152557.0 |
| 008 - FIXED-LENGTH DATA ELEMENTS--GENERAL INFORMATION | |
| fixed length control field | 970922m19291930sp |r spa d |
| 040 ## - CATALOGING SOURCE | |
| Original cataloging agency | SpMaBN |
| Language of cataloging | spa |
| Transcribing agency | CDM IT-RoINE |
| Modifying agency | IT-RoINE |
| 100 1# - MAIN ENTRY--PERSONAL NAME | |
| Personal name | Sanz Artibucilla, José María |
| 9 (RLIN) | 7767 |
| 245 10 - TITLE STATEMENT | |
| Title | Historia de la fidelísima y vencedora ciudad de Tarazona / |
| Statement of responsibility, etc | José María Sanz Artibucilla. |
| 260 ## - PUBLICATION, DISTRIBUTION, ETC. (IMPRINT) | |
| Place of publication, distribution, etc | Madrid : |
| Name of publisher, distributor, etc | Estanislao Maestre, |
| Date of publication, distribution, etc | 1929-1930. |
| 300 ## - PHYSICAL DESCRIPTION | |
| Extent | 2 v. : |
| Other physical details | il. ; |
| Dimensions | 23 cm. |
| 336 ## - CONTENT TYPE | |
| Source | rdacontent |
| Content type term | text |
| 337 ## - MEDIA TYPE | |
| Source | rdamedia |
| Media type term | unmediated |
| 338 ## - CARRIER TYPE | |
| Source | rdacarrier |
| Carrier type term | volume |
| 651 #4 - SUBJECT ADDED ENTRY--GEOGRAPHIC NAME | |
| Geographic name | Tarazona (España) |
| General subdivision | Historia |
| 9 (RLIN) | 7768 |
| 942 ## - ADDED ENTRY ELEMENTS (KOHA) | |
| Item type | Monografías |
| Withdrawn status | Lost status | Damaged status | Not for loan | Home library | Current library | Date acquired | Total Checkouts | Full call number | Barcode | Date last seen | Price effective from | Koha item type | Public note |
|---|---|---|---|---|---|---|---|---|---|---|---|---|---|
| Iglesia Nacional Española en Roma | Iglesia Nacional Española en Roma | 16/05/2014 | HIS.ESP.0. 52.1 | 4305 | 16/05/2014 | 16/05/2014 | Monografías | T. 1. | |||||
| Iglesia Nacional Española en Roma | Iglesia Nacional Española en Roma | 16/05/2014 | HIS.ESP.0. 52.2 | 4306 | 16/05/2014 | 16/05/2014 | Monografías | T. 2. |